000 00221 a2200097 4500
001 57133
100 _a
245 _aA Text Book of Physics V-I
260 _aAllahabad
_bWheeler Pub
_c1992
090 _c35065
_d35065
942 _aNUST-CAE
_cMONOGRAPH
_c27853
999 _c292206
_d292206